[Event "Cannes m1"]
[Site "Cannes"]
[Date "1999.10.18"]
[Round "4"]
[White "David, Alberto"]
[Black "Tkachiev, Vladislav"]
[Result "1/2-1/2"]
[WhiteElo "2544"]
[BlackElo "2648"]
[Annotator "Mueller,Karsten"]
[PlyCount "39"]
[EventDate "1999.10.15"]
[EventType "match"]
[EventRounds "8"]
[EventCountry "FRA"]
[SourceTitle "CBM 074"]
[Source "ChessBase"]
[SourceDate "2000.02.01"]
[SourceVersion "1"]
[SourceVersionDate "2000.02.01"]
[SourceQuality "1"]

1. e4 d5 2. exd5 Qxd5 3. Nc3 Qa5 4. Nf3 Nf6 5. d4 c6 6. Bc4 Bf5 7. Bd2 e6 8.
Nd5 Qd8 9. Nxf6+ Qxf6 10. Qe2 Nd7 $5 {Ein erneuter Test dieses von Matthias
Wahls in "Modernes Skandinavisch" (S.206) empfohlenen Zuges. Die Alternativen
sind weniger vertrauenerweckend:} (10... Bg4 11. d5 Bxf3 12. gxf3 cxd5 13. Bxd5
Nd7 14. O-O-O Ba3 $2 (14... O-O-O $142 15. Be4 Bd6 16. Be3 Nb6 $11 {/+/= 
(Wahls)}) 15. c3 O-O 16. Be4 $1 $14 {/+/- 1-0 Shirov,A-Salov,V/Madrid 1997/CBM
59/[Shirov] (29)}) (10... Bxc2 11. d5 (11. Bc3 $5 {(Finkel in CBM 59)}) 11...
Qxb2 12. O-O $44 {(Donev in CBM 59)}) 11. d5 (11. O-O-O Nb6 12. Bb3 Bg4 13. d5
Bxf3 14. gxf3 cxd5 15. Bxd5 O-O-O 16. Be4 Bc5 $11 {(Wahls)}) 11... cxd5 12.
Bxd5 Be7 $5 (12... Qxb2 $6 13. O-O Bc5 14. Nh4 (14. Rfc1 $5 {(Fritz5)}) 14...
Bxc2 15. Bxe6 fxe6 16. Qxe6+ Kd8 $13 {(Wahls)}) 13. Bc3 Bb4 $1 14. Bxb4 Qxb2
15. O-O Qxb4 16. Rab1 Qa4 17. Bxb7 $146 (17. Rxb7 {geschah in der Stammpartie
des Systems mit 10...Sd7:} O-O 18. Bb3 Qc6 19. Rb4 Nb6 20. Nh4 a5 21. Nxf5 exf5
22. Rh4 a4 23. Bc4 Nxc4 24. Rxc4 Qb5 25. Qd3 {1/2-1/2 Nataf,I-Waitzkin,J/
Bermuda 1999/CBM 69/[Mueller,Karsten] (25)}) 17... Rd8 $5 (17... Rb8 18. Ne5
O-O 19. Nc6 Rbe8 20. Nb4 Rb8 $11 {war meine Anmerkung in CBM 69. Allerdings
macht die Variante einen etwas gekünstelten Eindruck.}) 18. Qe3 O-O ({Auf das
riskantere} 18... Bxc2 {ist sogar} 19. Nd4 {in Erwägung zu ziehen, z.B.} Bxb1 (
19... O-O 20. Nxc2 Qxc2 21. Qxa7 $14) 20. Nxe6 Qb4 (20... Ne5 21. Nxd8 O-O 22.
Nxf7 Nxf7 23. Rxb1 Qxa2 24. Rd1 $14) (20... fxe6 $2 21. Qxe6+ Kf8 22. Qd6+ Ke8
23. Re1+ Be4 24. Bxe4 $18 Nf6 25. Bg6#) (20... Qxa2 21. Nc5+ Kf8 22. Re1 $40)
21. a3 Qe7 (21... Qb2 22. Bc6 Bf5 (22... Rb8 $2 23. Re1 $40) 23. Nxg7+ Kf8 24.
Nxf5 $44 Qf6 $8 (24... Qe5 $2 25. Qh6+ Ke8 26. f4 Qc5+ 27. Kh1 Qxf5 28. Re1+
$18) 25. Bxd7 Rxd7 26. Qc5+ Kg8 27. Nh6+ Kg7 28. Nf5+ $11) 22. Nxd8 (22. Nxg7+
Kf8 23. Qh6 Kg8 (23... Qf6 $6 24. Ne6+ Ke7 25. Qxf6+ Kxf6 26. Nxd8 Bf5 27. Nc6
Nc5 28. Na5 $13) 24. Rxb1 Qf6 $15) 22... Qxe3 23. fxe3 Kxd8 24. Rxb1 Re8 $11 {
/=/+}) 19. Nd4 Nb6 20. Nxf5 (20. Nxf5 exf5 21. Qc5 (21. c3 Qxa2 22. Ra1 Qc4 23.
Rxa7 Nd5 $11 {/+/=}) 21... Rd2 22. Qxf5 g6 ({Mit} 22... Qxc2 $2 23. Be4 g6 24.
Bxc2 gxf5 {bringt sich Schwarz in unnötige Schwierigkeiten.}) 23. Qf6 Qxc2 $11)
1/2-1/2

[Event "Belfort Comtois 4th"]
[Site "Belfort"]
[Date "1999.12.21"]
[Round "9"]
[White "Bologan, Viktor"]
[Black "Hauchard, Arnaud"]
[Result "1-0"]
[WhiteElo "2620"]
[BlackElo "2518"]
[Annotator "Mueller,Karsten"]
[PlyCount "77"]
[EventDate "1999.12.13"]
[EventType "tourn"]
[EventRounds "6"]
[EventCountry "FRA"]
[EventCategory "15"]
[SourceTitle "CBM 075"]
[Source "ChessBase"]
[SourceDate "2000.04.05"]
[SourceVersion "1"]
[SourceVersionDate "2000.04.05"]
[SourceQuality "1"]

1. e4 d5 2. exd5 Qxd5 3. Nc3 Qa5 4. d4 c6 5. Bc4 Nf6 6. Bd2 Bf5 7. Nd5 Qd8 8.
Nxf6+ gxf6 9. Nf3 e6 10. Bb3 (10. c3 {1-0 Almasi,Z-Kindermann,S/Osterreich
1995/Inf 63/[Almasi,Z] (40)}) (10. Qe2 {Vouldis,A-Tzermiadianos,A/Greece 73/
(113) 1998/Inf 73/[Tzermiadianos,And] (18)}) 10... Nd7 11. Qe2 a5 $6 (11... Bd6
12. O-O-O Qc7 13. Nh4 Bg6 14. g3 $14 {/+/- 1-0 Westerinen,H-Smeets,J/Hoogeveen
NED 1999 (52)}) (11... Qc7 12. O-O-O (12. Nh4 Bg6 13. f4 O-O-O 14. O-O-O $14 {
1/2-1/2 Savanovic,A-Tzermiadianos,A/Korinthos GRE 1999 (26)}) 12... O-O-O 13.
Nh4 Bg6 14. Nxg6 hxg6 15. h4 $14 {1-0 Grosar,K-Rukavina,J/Bled SLO 1999 (44)})
12. a4 Be7 13. O-O-O Nb6 $6 14. c4 $16 Nd7 15. Bf4 Qb6 16. Bc2 Bxc2 17. Qxc2
Nf8 18. Kb1 Ng6 19. Bh6 O-O-O 20. h4 Bf8 21. Be3 $1 Bb4 (21... h5 22. d5 $1 c5
23. dxe6 Rxd1+ 24. Rxd1 Qxe6 25. Qd2 $16) 22. h5 Ne7 23. g4 Qc7 24. g5 $1 {
[%mdl 32] durch diesen Vorstoß des weißen g-Bauern werden die schwarzen Felder
am Königsflügel und der h-Bauern entscheidend geschwächt} fxg5 $6 (24... f5 25.
Ne5 Rhf8 26. Nd3 $16) 25. Bxg5 $18 Rhf8 (25... h6 26. Bf6 Rhg8 27. Qc1 Rg2 28.
Rdg1 Rdg8 29. Qxh6 $18) 26. Qe4 Rde8 27. Bf4 Bd6 (27... Qb6 28. Qe5 $18) 28.
Bh6 Nf5 (28... Rg8 29. c5 $18) 29. Bxf8 Bxf8 30. d5 Bc5 31. dxc6 bxc6 32. Ne5
Bxf2 33. Rd7 Qb6 34. Rhd1 Bc5 35. Nxc6 Ne3 36. Ne7+ Kb8 (36... Bxe7 37. Qa8+
Qb8 38. Qa6+ Qb7 39. Qxb7#) 37. Rd8+ Rxd8 38. Rxd8+ Kc7 (38... Qxd8 39. Nc6+
Kc7 40. Nxd8 Kxd8 41. Qe5 $18) 39. Qa8 1-0

[Event "Belfort Comtois 4th"]
[Site "Belfort"]
[Date "1999.12.19"]
[Round "7"]
[White "Ye, Jiangchuan"]
[Black "Hauchard, Arnaud"]
[Result "1-0"]
[WhiteElo "2593"]
[BlackElo "2518"]
[Annotator "Mueller,Karsten"]
[PlyCount "51"]
[EventDate "1999.12.13"]
[EventType "tourn"]
[EventRounds "6"]
[EventCountry "FRA"]
[EventCategory "15"]
[SourceTitle "CBM 075"]
[Source "ChessBase"]
[SourceDate "2000.04.05"]
[SourceVersion "1"]
[SourceVersionDate "2000.04.05"]
[SourceQuality "1"]

{[%mdl 1]} 1. e4 d5 2. exd5 Qxd5 3. Nc3 Qa5 4. d4 c6 5. Bc4 Bf5 6. Nf3 Nf6 7.
Bd2 e6 8. Nd5 Qd8 9. Nxf6+ Qxf6 10. Qe2 Nd7 (10... Bg4 11. d5 Bxf3 12. gxf3
cxd5 13. Bxd5 Nd7 14. O-O-O $14 {/+/- 1-0 Shirov,A-Salov,V/Madrid 1997/CBM 59/
[Shirov] (29)}) 11. O-O-O (11. d5 cxd5 12. Bxd5 Be7 $11 {1/2-1/2 Nataf,
I-Waitzkin,J/Bermuda 1999 (25)}) 11... Bd6 $2 (11... Nb6 $1 12. Bb3 Bg4 13. d5
Bxf3 14. gxf3 cxd5 15. Bxd5 O-O-O 16. Be4 Bc5 $11 {(Wahls in Modernes
Skandinavisch)}) 12. Bg5 $1 $146 {[%mdl 8]} (12. Bc3 Qe7 13. Ne5 Nxe5 14. dxe5
Bc5 $11 {/+/= 1/2-1/2 Bauer,C-Hauchard,A/Bescanon FRA 1999 (33)}) 12... Qg6 13.
d5 $1 cxd5 (13... Ne5 14. h4 {und die weiße Initiative ist äußerst gefährlich,
z.B.} Nxf3 (14... Bxc2 15. Nxe5 Bxd1 16. Rxd1 Qf5 17. dxe6 Bxe5 (17... Qxe5 18.
Qh5 O-O 19. exf7+ Kh8 20. Bd3 $18) 18. exf7+ Kf8 19. Qd2 $18) 15. gxf3 cxd5 16.
Bxd5 Rc8 17. Be4 $18) 14. Rxd5 Be7 (14... Bg4 15. Rxd6 Bxf3 16. Qe3 h6 17. Bxe6
$18) 15. Bxe7 exd5 16. Bxd5 Be6 (16... Rc8 17. Bd6+ Be6 18. Bxb7 Rc4 19. Re1
$40) 17. Bd6 Rd8 (17... Qxg2 $2 18. Bxe6 Qxh1+ 19. Kd2 fxe6 (19... Qxf3 20.
Qxf3 fxe6 21. Qh5+ $18) 20. Qxe6+ Kd8 21. Ne5 $18) 18. Re1 Nb6 19. Qb5+ Rd7 20.
Ne5 (20. Bxe6 fxe6 21. Ng5 a6 22. Qc5 Rxd6 23. Qxd6 Qxg5+ 24. f4 Qd8 25. Qxe6+
Kf8 26. Rd1 Qf6 27. Qd6+ $18) 20... Qg5+ 21. Re3 $1 Nxd5 22. Nxd7 a6 (22... Kd8
23. Nc5 Bc8 24. Nxb7+ Bxb7 25. Be7+ Qxe7 26. Rxe7 Nxe7 27. Qxb7 $18) 23. Nf6+
$1 Kd8 {[%tqu "En","White to move and win","","","d6e7","und die ungedeckte
Dame auf g5 wird Schwarz zum Verhängnis",7,"De","Weiß zieht und gewinnt","","",
"d6e7","und die ungedeckte Dame auf g5 wird Schwarz zum Verhängnis",7]} 24.
Be7+ $3 {[%mdl 64]} Kc8 (24... Nxe7 25. Qxg5 gxf6 26. Qxf6 $18) (24... Kxe7 25.
Nxd5+ Kd6 (25... Kf8 26. Qc5+ Kg8 27. f4 Qh4 28. Qc8+ Bxc8 29. Re8#) (25... Kd8
26. Qa5+ Kd7 27. Nb6+ $18) 26. Qb6+ Kxd5 27. Qa5+ b5 28. Qd2+ Kc6 29. Rxe6+ $18
) (24... Kc7 25. Qc5+ $18) 25. Qc5+ Kb8 26. Nd7+ 1-0

[Event "POL-ch 54th"]
[Site "Sopot"]
[Date "1997.??.??"]
[Round "10"]
[White "Gdanski, Jacek"]
[Black "Urban, Klaudiusz"]
[Result "1/2-1/2"]
[WhiteElo "2485"]
[BlackElo "2490"]
[Annotator "Mueller,Karsten"]
[PlyCount "151"]
[EventDate "1997.03.18"]
[EventType "tourn"]
[EventRounds "15"]
[EventCountry "POL"]
[EventCategory "9"]
[SourceTitle "CBM 059"]
[Source "ChessBase"]
[SourceDate "1997.08.01"]
[SourceVersion "1"]
[SourceVersionDate "1997.08.01"]
[SourceQuality "1"]

1. e4 d5 2. exd5 Nf6 3. d4 Nxd5 4. Nf3 g6 5. Be2 Bg7 6. O-O O-O 7. c4 Nb6 8.
Nc3 c6 9. Bg5 (9. Re1 Bg4 10. Bg5 $6 (10. c5 $5) 10... h6 11. Bh4 Bxf3 12. Bxf3
g5 13. c5 gxh4 14. cxb6 axb6 $15 {0-1 Stoltz,E-Koontz/US-op 1987/EXT 87op2 (31)
}) (9. Be3 Bg4 10. Qb3 (10. Ne5 Be6 11. b3 $14 {1/2-1/2 Nikolic,S-Smagin,S/
Cacak 1991/EXP 23 (42)}) (10. Qd3 Bxf3 11. Bxf3 e6 12. Rad1 $14 {1-0
Castellano,J-Schmitt,H/Gran Canaria op 1996/EXT 96op2 (29)}) 10... N8d7 11.
Rfd1 a5 12. a4 Nc8 13. h3 Bxf3 14. Bxf3 Nd6 15. c5 $14 {0-1 Mohd,K-Brady,S/
Manila olm 1992/TD 92\02 (36)}) (9. h3 Be6 (9... Na6 10. Bg5 c5 11. d5 f6 12.
Be3 $14 {1/2-1/2 Peussner,J-Weteschnik,M/Dortmund op-A 1993/TD 93\06 (34)}) (
9... N8d7 10. Bf4 Re8 11. Kh1 Nf8 12. Qd2 Ne6 13. Be3 Nc7 14. Rad1 $14 {
1-0 Dobos,J-Meszaros,A/Balatonbereny op 1992/TD 92\11 (32)}) 10. c5 Nd5 11. Re1
h6 12. Bd3 Nc7 13. Bf4 Bd5 14. Be5 e6 15. Bxg7 Kxg7 16. Ne5 $14 {1/2-1/2
Kaminski,M-Wismont,R/POL-chJ U20 1994/TD 94\01 (36)}) 9... Bg4 10. c5 Nd5 11.
Qb3 Nxc3 12. bxc3 b6 $11 13. h3 Be6 14. Bc4 Bxc4 15. Qxc4 h6 16. Bh4 g5 17. Bg3
Qd5 18. Qe2 Re8 19. c4 Qf5 20. cxb6 axb6 21. Rab1 Nd7 22. Ne5 c5 23. Nxd7 Qxd7
24. d5 Qa7 25. Be5 Bxe5 26. Qxe5 Qxa2 27. Rxb6 Ra6 28. Rxa6 Qxa6 29. Qe4 e5 30.
Rb1 Qd6 31. Qf5 Kg7 32. Rb3 e4 33. h4 Qf6 34. Qxf6+ Kxf6 35. Rb6+ Ke5 36. Rxh6
gxh4 37. Rxh4 Kd4 38. f3 f5 39. d6 Rd8 40. fxe4 fxe4 41. Rh6 Kxc4 42. Kf2 Kd3
43. Rh5 Kd4 (43... e3+ $5 44. Ke1 $1 (44. Kf3 $2 Rxd6 45. Rxc5 e2 46. Re5 Rf6+
47. Kg4 Rf1 $19) (44. Kf1 $2 Rxd6 45. Rxc5 Kd2 $19) 44... c4 (44... Rxd6 45.
Rxc5 $11) 45. Rd5+ Ke4 46. Rd1 (46. Rc5 $2 Kd4 47. Rh5 (47. Rc6 Kd3 $19) (47.
Rc7 Kd3 48. d7 Rh8 $19) 47... c3 48. Kd1 Rxd6 $19) 46... c3 47. Rc1 (47. Ke2 $2
Rg8 48. Rg1 (48. Rc1 Rxg2+ 49. Kf1 Kf3 50. Rxc3 Ra2 $19) 48... Rg7 $19 (48...
Rf8 $2 49. Rc1 (49. d7 $2 Rf2+ 50. Kd1 Rd2+ 51. Kc1 e2 $19) 49... Rf2+ 50. Ke1
Rxg2 51. Rxc3 Kf3 52. Kd1 Rd2+ 53. Ke1 $11)) 47... Kd3 48. Rd1+ Kc4 (48... Kc2
49. d7 Kb2 50. Rd6 c2 51. Rb6+ $11) 49. Ke2 c2 50. Rc1 Kc3 51. Kxe3 Rxd6 52. g4
$11) (43... Rxd6 44. Rxc5 Kd2 45. Ra5 e3+ 46. Kf3 Rf6+ 47. Kg3 $1 e2 48. Ra2+
Kd3 49. Ra3+ $11) 44. Rh1 Rxd6 45. Rd1+ Ke5 46. Rc1 (46. Rxd6 $2 Kxd6 47. Ke3
Ke5 $19) 46... Rd2+ 47. Ke1 Rd5 48. Rc4 Kf5 49. Ke2 Kf4 50. g3+ Kf5 51. Ke1 Re5
52. Ke2 Ke6 53. Rc1 Kd5 54. Rd1+ Kc4 55. Ke3 Kb3 56. Rb1+ Kc2 57. Rb5 Kc3 58.
Kf4 Kd4 (58... e3 $4 59. Kxe5 e2 60. Rb1 $18 (60. Rxc5+ $2 Kd2 61. Rd5+ Kc2 $11
)) 59. Rb1 Re8 60. Rd1+ Kc3 61. Rc1+ Kd4 62. Rd1+ Kc3 63. Rc1+ Kd2 64. Rxc5 e3
65. Rd5+ Kc3 66. Rc5+ Kd4 67. Rc1 e2 68. Re1 Kd3 69. g4 Kd2 70. Ra1 e1=Q 71.
Rxe1 Rxe1 72. g5 Kd3 73. g6 Kd4 74. Kf5 $8 Kd5 75. g7 Rg1 76. Kf6 1/2-1/2

[Event "ARG-ch Najdorf Memorial"]
[Site "Buenos Aires"]
[Date "1999.11.19"]
[Round "1"]
[White "Zarnicki, Pablo Adrian"]
[Black "Soppe, Guillermo"]
[Result "1/2-1/2"]
[WhiteElo "2497"]
[BlackElo "2448"]
[Annotator "Mueller,Karsten"]
[PlyCount "43"]
[EventDate "1999.11.19"]
[EventType "tourn"]
[EventRounds "13"]
[EventCountry "ARG"]
[EventCategory "9"]
[SourceTitle "CBM 074"]
[Source "ChessBase"]
[SourceDate "2000.02.01"]
[SourceVersion "1"]
[SourceVersionDate "2000.02.01"]
[SourceQuality "1"]

1. e4 d5 2. exd5 Qxd5 3. Nc3 Qd6 4. d4 Nf6 5. Nf3 c6 6. Ne5 Be6 (6... Bf5 7.
Bf4 Qd8 8. Bc4 e6 9. g4 $36 {1-0 Lokasto,A-Safyanovsky,M/Moscow 1991/EXP 22 
(19)}) 7. Bf4 Qd8 8. Qd2 g6 9. O-O-O Nbd7 10. d5 $5 Bxd5 (10... Nxd5 $2 11.
Nxd5 Bxd5 (11... cxd5 12. Bb5 a6 13. Bxd7+ Bxd7 14. Qxd5 Be6 15. Qxb7 Qc8 16.
Qe4 $40) 12. Nxd7 Qxd7 13. c4 $18) 11. Nxd5 Nxd5 (11... cxd5 $2 12. Bb5 e6 13.
Bg5 $18) 12. c4 Nxe5 13. Bxe5 f6 $1 14. Bg3 (14. cxd5 fxe5 15. Qe3 $44) 14...
Nb6 15. Qe3 Qc8 16. h4 (16. Bd3 $5 {kam in Betracht.}) 16... h5 17. Bd3 Kf7 18.
Rhe1 Bh6 19. f4 $6 (19. Bf4 Bxf4 20. Qxf4 $44) 19... Re8 $5 (19... e5 20. Kb1
Qg4 21. c5 Nd5 22. Bc4 $44) 20. Kb1 f5 21. Qf3 e6 22. Bf2 (22. Bf2 Qc7 $15)
1/2-1/2

[Event "RUS-Cup6"]
[Site "Krasnodar"]
[Date "1997.03.18"]
[Round "8"]
[White "Landa, Konstantin"]
[Black "Prokopchuk, Evgeny"]
[Result "1/2-1/2"]
[WhiteElo "2570"]
[BlackElo "2440"]
[Annotator "Mueller,Karsten"]
[PlyCount "116"]
[EventDate "1997.03.11"]
[EventType "swiss"]
[EventRounds "9"]
[EventCountry "RUS"]
[SourceTitle "EXT 2000"]
[Source "ChessBase"]
[SourceDate "1999.11.16"]
[SourceVersion "1"]
[SourceVersionDate "1999.11.16"]
[SourceQuality "1"]

1. e4 d5 2. exd5 Nf6 3. Bb5+ Bd7 4. Be2 Nxd5 5. d4 Bf5 6. Nf3 e6 7. O-O Be7 8.
c4 (8. a3 $5) 8... Nb4 (8... Nf6 9. Qb3 (9. Nc3 O-O 10. h3 h6 11. Be3 Nbd7 12.
Qb3 Qc8 13. Rad1 $14 {1-0 Stefansson,H-Bruneau,L/Oviedo rapid 1993/EXP 38 (31)}
) 9... Qc8 10. Nc3 O-O 11. h3 Nbd7 12. Nh4 Bg6 13. Nxg6 hxg6 14. Bf3 $14 {
1-0 Murrey,J-Chevaldonnet,F/FRA-chT 1994/TD 94\03 (29)}) (8... Nb6 9. Nc3 Nc6 (
9... O-O 10. Be3 Nc6 11. h3 Bf6 12. Rc1 h6 13. Qd2 Qd7 14. Rfd1 Rad8 $11 {
Dueball,J-Oswald,H/GER-CupT 1992/BIG 90/1/2-1/2 (56)}) 10. d5 exd5 11. cxd5 Nb4
12. Nd4 Bc8 13. Bf3 O-O 14. Nc2 $11 {Matanovic,A-Karaklajic,N/Belgrade 1954/
MCD-r5/1-0 (70)}) 9. Na3 (9. Ne1 c5 $5 (9... O-O 10. a3 N4a6 (10... N4c6 11.
Be3 Bf6 12. Nf3 Nd7 13. Nc3 $14 {Baron Rodriguez,J-Galego,L/La Coruna op 1996/
EXT 96op2/1-0 (47)}) 11. Nc3 c6 12. Nf3 $14 {Filipowicz,A-Dejkalo,S/POL-chT
Porabka 1986/EXT 86ch/1-0 (68)}) 10. Bf3 N8c6 11. a3 Na6 $11 {Gizynski,
T-Dejkalo,S/Porabka 1987/EXT 87/0-1 (49)}) 9... O-O (9... N8c6 10. Be3 O-O 11.
Qb3 a5 12. Rfd1 Bf6 13. Rd2 a4 14. Qd1 $14 {1-0 Honfi,K-Dely,P/HUN-ch 1973/
MCD-ch (26)}) 10. Be3 (10. Bf4 N8c6 11. Nb5 Rc8 12. a3 a6 13. d5 axb5 14. dxc6
Nd3 15. cxb7 Rb8 16. Bxd3 Bxd3 17. Ne5 (17. Bxc7 Qxc7 18. Qxd3 bxc4 19. Rac1
$11 {1/2-1/2 Lukin,A-Ubilava,E/URS-chT Riga 1975/MCD-ch (32)}) 17... Bxf1 18.
Qxf1 Qe8 19. cxb5 $11 {Kupreichik,V-Gipslis,A/Norresundby op 1993/EXT 93op/1-0
(59)}) 10... Nd7 (10... c6 11. Qd2 Nd7 12. Ne1 e5 13. Nac2 Nxc2 14. Nxc2 Bxc2
15. Qxc2 exd4 16. Bxd4 Bf6 17. Rfd1 Qe7 18. Be3 Nc5 {1/2-1/2 Wittmann,W-Haas,G/
Manila olm 1992/TD 92\02}) (10... a5 11. Qd2 Nd7 12. Rfd1 Nf6 13. Ne5 Qc8 14.
g4 Bg6 15. Bf3 $14 {1-0 Stefansson,H-Gipslis,A/WchT Luzern 1993/CBM 38 (37)})
11. Qd2 Nf6 12. Rfd1 Ne4 13. Qe1 c6 14. Ne5 a5 15. g4 Bg6 16. Bf3 Nf6 17. Bg2
Nd7 18. Nxg6 hxg6 19. Qe2 Qc7 20. Nb1 Bd6 21. a3 (21. h3 $5) 21... Bxh2+ 22.
Kf1 Na6 23. Nc3 Bf4 24. Bf3 Rae8 25. Kg2 f5 26. Rh1 Nf6 27. Rh3 Bxe3 28. fxe3
e5 $1 {Angriff am Königsflügel - Gegenstoß im Zentrum} 29. gxf5 gxf5 30. Bh5
exd4 31. Rah1 Nxh5 (31... Rxe3 $2 32. Qxe3 dxe3 $2 33. Bg6 $18) 32. Qxh5 Re6
33. Rg3 (33. Qh7+ Kf7 34. Rg3 {ist genauer}) 33... Qe5 (33... Rh6 34. Qxh6
Qxg3+ 35. Kxg3 gxh6 $15) 34. Rg5 (34. Qh7+ Kf7 35. exd4 Qxd4 36. Qxf5+ Ke7 37.
Rd1 $15) 34... Qxe3 35. Qh8+ Kf7 36. Rxf5+ Rf6 37. Rxf6+ gxf6 38. Rh7+ Ke6 $2 (
38... Ke8 $1 39. Qg7 Nc5 $19) 39. Qxf8 Qd2+ 40. Kg1 Qc1+ 41. Kf2 Qe3+ 42. Kg2
Qg5+ 43. Kh2 Qd2+ 44. Kg1 Qc1+ 45. Kf2 Qc2+ 46. Ne2 Qf5+ 47. Kg3 Qxh7 48. Nxd4+
Kd7 49. Qxf6 Qg8+ 50. Kf4 Qxc4 51. Qf5+ Kc7 52. Qxa5+ Kb8 53. Ke3 Qc1+ 54. Qd2
Qc5 55. Kd3 Qd5 56. Kc2 Nc5 57. Qf4+ Ka7 58. Qe3 Qc4+ 1/2-1/2

[Event "Saintly Cup"]
[Site "Sydney"]
[Date "1999.01.29"]
[Round "7"]
[White "Zhang, Zhong"]
[Black "West, Guy"]
[Result "1-0"]
[WhiteElo "2555"]
[BlackElo "2414"]
[Annotator "Mueller,Karsten"]
[PlyCount "87"]
[EventDate "1999.01.22"]
[EventType "tourn"]
[EventRounds "9"]
[EventCountry "AUS"]
[EventCategory "10"]
[SourceTitle "CBM 070"]
[Source "ChessBase"]
[SourceDate "1999.06.08"]
[SourceVersion "1"]
[SourceVersionDate "1999.06.08"]
[SourceQuality "1"]

1. e4 d5 2. exd5 Nf6 3. Nf3 Nxd5 4. d4 g6 5. c4 Nb6 6. Nc3 Bg7 7. c5 Nd5 8. Bc4
Nxc3 9. bxc3 O-O 10. O-O b6 11. Re1 (11. cxb6 axb6 12. Re1 Nd7 13. Bg5 Nf6 14.
Qe2 e6 15. Ne5 $14 {1-0 Hunt,A-Houska,J/Maidstone 1994/EXT 94op (55)}) (11. Ba3
Bb7 12. Re1 Re8 13. Ng5 Bd5 $2 (13... e6 $14) 14. Nxf7 $1 Qd7 15. Qb3 {1-0
Groszpeter,A-Kreindl,H/Oberwart 1996/EXP 53 (15)}) (11. Ng5 Bb7 12. Qb3 e6 13.
Nxf7 Rxf7 (13... Kxf7 $2 14. Bxe6+ Kf6 (14... Ke8 15. Bc8 $3 $18) 15. Re1 $40)
14. Bxe6 Qf6 $13 {0-1 Hajtun,J-Honfi,K/HUN-ch 1955/MCL 07 (45)}) 11... Nd7 (
11... bxc5 12. Bg5 Bf6 13. Bh6 Bg7 (13... Re8 $6 14. Ng5 e6 15. Qf3 c6 16. Ne4
$36) 14. Bxg7 Kxg7 15. Qe2 $44) 12. Bg5 Nf6 13. Ne5 bxc5 14. Qf3 Be6 15. Nc6
Qd6 16. d5 (16. Nxe7+ $5 Qxe7 (16... Kh8 17. d5 Bg4 18. Qf4 $14) 17. d5 Bg4 18.
Rxe7 Bxf3 19. gxf3 Ne8 $14) 16... Bg4 (16... Nxd5 $6 17. Bxd5 Bxd5 18. Qxd5
Bxc3 19. Qe4 $14 {/+/-}) 17. Qe3 (17. Nxe7+ $5 {siehe oben}) 17... Rfe8 18. Bf4
$6 (18. h3 $5 Bd7 (18... e6 19. Bf4 Nxd5 20. Bxd6 Nxe3 21. Rxe3 cxd6 22. hxg4
$16) 19. Qf3 $14) 18... Nxd5 $1 $11 19. Bxd5 Qxd5 20. Nxe7+ Rxe7 21. Qxe7 Bxc3
22. Be5 Bxa1 (22... Bxe1 23. Rxe1 Qd2 24. Ra1 $11) 23. Bxa1 Be6 $6 (23... h5 $4
24. Qf6 $18) (23... Qc6 $142 $5) 24. Bc3 $1 {[%mdl 32]} (24. Qf6 Kf8 $8 {
und es geht nicht recht weiter. Daher deckt Weiß für Txe6 unauffällig seine
Grundreihe...}) {[%tqu "De","Wie verteidigen Sie sich ?","Es droht Df6 nebst
Txe6","Es ist ein Damenzug","h7h6","",0,"d5f5","Nur so geht es",5]} 24... h6 $2
(24... Qf5 $1 25. h3 (25. Rd1 Rf8 26. h3 Bd5 27. Qxc5 c6 $11) 25... Bd7 $11 (
25... Bxa2 $4 26. Qe8+ Rxe8 27. Rxe8#)) 25. Qf6 $1 $16 Kf8 26. Rxe6 $1 {
[%mdl 64]} Qxe6 27. Qh8+ Ke7 28. Qxa8 Qxa2 29. Qe4+ Kd7 30. h4 h5 31. Be5 c6
32. Bf4 Qa1+ 33. Kh2 Qd4 34. Qf3 a5 35. Bg5 Qd5 36. Qe2 Qd6+ 37. g3 f6 38. Be3
Qd5 39. Qc2 Qf5 40. Qd2+ $18 Qd5 41. Qxa5 c4 42. Qc3 Ke6 43. Bd4 c5 44. Qe3+
1-0